| 000 | 00382cam a2200169ua 4500 | ||
|---|---|---|---|
| 003 | OSt | ||
| 008 | 250502b |||||||| |||| 00| 0 eng d | ||
| 041 | _aeng | ||
| 082 |
_a624.1517 _bPUN/SU |
||
| 100 | _aPunmia, B C. | ||
| 245 | _aSurveying, Vol.2 / | ||
| 250 | _a9 / | ||
| 260 |
_aNew Delhi : _bLaxmi Publications , _c1987. |
||
| 300 | _a599 ; . | ||
| 500 | _a*CSS | ||
| 942 | _cBK | ||
| 999 |
_c106 _d106 |
||